Complete manufacturing details and know-how on tyres and tubes,hoses,beltings and foam (Record no. 24932)
[ view plain ]
| 000 -LEADER | |
|---|---|
| fixed length control field | 00437nam a2200157Ia 4500 |
| 082 ## - DEWEY DECIMAL CLASSIFICATION NUMBER | |
| Classification number | 678.065 |
| Item number | GUP;1 |
| 100 ## - MAIN ENTRY--AUTHOR NAME | |
| Personal name | Gupta, R S |
| 245 #0 - TITLE STATEMENT | |
| Title | Complete manufacturing details and know-how on tyres and tubes,hoses,beltings and foam |
| 260 ## - PUBLICATION, DISTRIBUTION, ETC. (IMPRINT) | |
| Place of publication | Delhi |
| Name of publisher | SIRI |
| Year of publication | 1974-75 |
| 650 ## - SUBJECT ADDED ENTRY--TOPICAL TERM | |
| Topical Term | Belt |
| 650 ## - SUBJECT ADDED ENTRY--TOPICAL TERM | |
| Topical Term | Hose |
| 650 ## - SUBJECT ADDED ENTRY--TOPICAL TERM | |
| Topical Term | Latex foam |
| 650 ## - SUBJECT ADDED ENTRY--TOPICAL TERM | |
| Topical Term | Rubber machinery suppliers |
| 942 ## - ADDED ENTRY ELEMENTS (KOHA) | |
| Koha item type | Books |
| Withdrawn status | Lost status | Damaged status | Not for loan | Home library | Current library | Date acquired | Cost, normal purchase price | Full call number | Accession Number | Koha item type |
|---|---|---|---|---|---|---|---|---|---|---|
| RRII Library | RRII Library | 16/12/2021 | 40.00 | 678.065 GUP;1 | 05598 | Books |